Vylepšovanie používateľského zážitku v prostredí Webu

Salvato in:
Dettagli Bibliografici
Autore principale: Rapánová, Lucia (Autore)
Altri autori: Kuric, Eduard (Relatore della tesi)
Natura: Manoscritto Libro
Lingua:slovacco
Pubblicazione: 2022
Soggetti:
Accesso online:http://is.stuba.sk/zp/portal_zp.pl?podrobnosti=148531
Tags: Aggiungi Tag
Nessun Tag, puoi essere il primo ad aggiungerne!!

MARC

LEADER 00000ntm a22000003a 4500
001 stuzp88081
003 SK-STU
005 20220625211005.4
007 ta
008 150427s2015----xo-----f-mn---000-0-slo-d
040 |a STU  |b slo 
041 0 |a slo 
100 1 |a Rapánová, Lucia  |u 070200  |4 aut  |U FIIT Fakulta informatiky a informačných technológií  |T FIIT Ústav informatiky, informačných systémov a softvérového inžinierstva  |X 97021  |U I200  |Y 179  |7 97021 
242 0 1 |a Improving user experience on the Web  |y eng 
245 1 0 |a Vylepšovanie používateľského zážitku v prostredí Webu 
260 |c 2022 
650 4 |a používateľské testovanie  |2 slo 
650 4 |a používateľský zážitok  |2 slo 
650 4 |a testovanie použiteľnosti  |2 slo 
650 4 |a analýza sentimentu  |2 slo 
650 4 |a sentiment analysis  |2 eng 
650 4 |a usability testing  |2 eng 
650 4 |a user testing  |2 eng 
650 4 |a user experience  |2 eng 
700 1 |a Kuric, Eduard  |u 070200  |k Z1  |4 ths  |U FIIT Fakulta informatiky a informačných technológií  |T FIIT Ústav informatiky, informačných systémov a softvérového inžinierstva  |X 17452  |U I200  |Y 179  |7 17452 
856 4 |u http://is.stuba.sk/zp/portal_zp.pl?podrobnosti=148531